| 000 -LEADER |
| fixed length control field |
00685nam a22002177 4500 |
| 003 - CONTROL NUMBER IDENTIFIER |
| control field |
AR-BaISA |
| 005 - DATE AND TIME OF LATEST TRANSACTION |
| control field |
20230823104509.0 |
| 007 - PHYSICAL DESCRIPTION FIXED FIELD--GENERAL INFORMATION |
| fixed length control field |
ta |
| 008 - FIXED-LENGTH DATA ELEMENTS--GENERAL INFORMATION |
| fixed length control field |
230823s1971 ag |||| |||| 000 0 spa d |
| 040 ## - CATALOGING SOURCE |
| Language of cataloging |
spa |
| Transcribing agency |
AR-BaISA |
| 082 04 - DEWEY DECIMAL CLASSIFICATION NUMBER |
| Edition number |
22 |
| Classification number |
616.89 H656 |
| 100 1# - MAIN ENTRY--PERSONAL NAME |
| 9 (RLIN) |
3033 |
| Personal name |
Hochmann, Jacques |
| 245 10 - TITLE STATEMENT |
| Title |
Hacia una psiquiatría comunitaria: |
| Remainder of title |
tesis para una psiquiatría de los conjuntos / |
| Statement of responsibility, etc. |
Jacques Hochmann |
| 260 ## - PUBLICATION, DISTRIBUTION, ETC. |
| Place of publication, distribution, etc. |
Buenos Aires: |
| Name of publisher, distributor, etc. |
Amorrortu, |
| Date of publication, distribution, etc. |
1971 |
| 300 ## - PHYSICAL DESCRIPTION |
| Extent |
262 p. |
| 490 1# - SERIES STATEMENT |
| Serie |
Biblioteca de psicología |
| 504 ## - BIBLIOGRAPHY, ETC. NOTE |
| Bibliography, etc. note |
Bibliografía p.: 261-262. |
| 650 10 - SUBJECT ADDED ENTRY--TOPICAL TERM |
| 9 (RLIN) |
241 |
| Topical term or geographic name entry element |
Psiquiatría comunitaria |
| 830 ## - SERIES ADDED ENTRY--UNIFORM TITLE |
| 9 (RLIN) |
2315 |
| Uniform title |
Biblioteca de psicología (Amorrortu) |
| 942 ## - ADDED ENTRY ELEMENTS (KOHA) |
| Source of classification or shelving scheme |
|
| Koha item type |
Libros |
| Edition |
22 |